| 000 | 01138nam a2200337 i 4500 | ||
|---|---|---|---|
| 001 | 000047639 | ||
| 003 | DO-SdBNP | ||
| 005 | 20250217092805.0 | ||
| 007 | ta | ||
| 008 | 180706s1992 dr r 000 0 spa d | ||
| 040 |
_aDO-SdBNP _bspa _cBNPHU _erda |
||
| 082 |
_a231.3 _bJ91q _222 |
||
| 100 | 1 |
_aJuanes, Benigno _d1916-2009 _9442 |
|
| 245 | 1 | 0 |
_a¿Qué es la renovación carismática católica y qué pretende? / _bguía para la renovación Carismática Católica _cBenigno, Juanes, S. J. |
| 264 | 1 |
_aSanto Domingo : _bSusaeta, _c1992. |
|
| 300 |
_a171 páginas _c21 cm. |
||
| 336 |
_2rdacontent _atexto _btxt |
||
| 337 |
_2rdamedia _asin mediación _bn |
||
| 338 |
_2rdacarrier _avolumen _bnc |
||
| 490 | 1 |
_aTorrentes _v1 |
|
| 500 | _aIncluye referencias bibliográficas y notas | ||
| 590 | _aInventariado, 2018/BT | ||
| 650 | 4 |
_aMovimiento carismático _9666 |
|
| 650 | 4 |
_aEspíritu santo _95767 |
|
| 650 | 4 |
_aPentecostalismo _97136 |
|
| 650 | 4 |
_aOrdenes religiosas _97137 |
|
| 650 | 4 |
_aIglesia católica _zRepública Dominicana _92409 |
|
| 650 | 4 |
_aDones espirituales _97138 |
|
| 650 | 0 |
_aVida cristiana _9668 |
|
| 942 |
_2ddc _cLBS1 |
||
| 999 |
_c47127 _d47127 |
||